[Event "CZE Czechia-ch U14"]
[Site "Harrachov"]
[Date "2009.10.25"]
[Round "2"]
[White "Skalicky, Tomas"]
[Black "John, Petr"]
[Result "1-0"]
[WhiteElo "1700"]
[BlackElo "1545"]
[PlyCount "77"]
[EventDate "2009.10.24"]
[EventType "swiss"]
[EventRounds "9"]
[EventCountry "CZE"]
[SourceTitle "EXT 2012"]
[Source "ChessBase"]
[SourceDate "2011.11.24"]
[SourceVersion "1"]
[SourceVersionDate "2011.11.24"]
[SourceQuality "1"]

1. f4 Nc6 2. Nf3 d5 3. e3 Bg4 4. Bb5 a6 5. Bxc6+ bxc6 6. d3 Nf6 7. 0-0 Qd6 8. Nbd2 e5 9. fxe5 Bxf3 10. Nxf3 Qe6 11. exf6 Qxf6 12. Nd4 Qe5 13. Nxc6 Qd6 14. Nd4 Be7 15. Qg4 Bf6 16. Nf5 Qe5 17. d4 Qe4 18. Qxe4+ dxe4 19. Ng3 0-0 20. Nxe4 Be7 21. Bd2 Rab8 22. b3 Rb5 23. c4 Rh5 24. Ng3 Rh6 25. Nf5 Re6 26. Nxe7+ Rxe7 27. Bb4 Rxe3 28. Bxf8 Kxf8 29. Rae1 Rd3 30. d5 Rd2 31. Rf2 Rd4 32. Rfe2 g6 33. Re7 Rd2 34. Rxc7 Rxa2 35. Ree7 Kg7 36. d6 Rd2 37. d7 Kh6 38. Re8 Rxd7 39. Rxd7 1-0